000 00859nac a22002537a 4500
001 BR9104149
003 BR-BrBNA
005 20240105121230.0
008 230509b bl.|||m| |||| 00| 0 por d
040 _aBR-BrBNA
_bpor
_cBiblioteca Nacional de Agricultura
072 _aP01
090 _a6700 BR9104149
100 1 _aScott, D.A.
110 1 _aCompanhia Vale do Rio Doce, Rio de Janeiro, RJ (Brasil)
_92502
245 1 _aPreservacao da natureza e pesquisa sobre fauna pela CVRD; observacoes e sugestoes [Companhia Vale do Rio Doce]
260 3 _aRio de Janeiro, RJ (Brasil):
_c1988.
300 _a52 p.
490 _aEspaco, Ambiente e Planejamento (Brazil)
_vno. 7
_x
500 _aSummaries (En, Pt)
650 _aPRESERVACAO DA NATUREZA
650 _aAVE ORNAMENTAL
909 _a202312
_bLúcia Elande
_c55
_dLúcia Elande
942 _2AGRIS
_n0
_cMS
999 _c284103
_d284103